000 00527nam a2200193Ia 4500
008 240510s9999 xx 000 0 und d
020 _a047157807X
041 _aEng
082 _a005.117
082 _bF36
100 _aFIRESMITH DONALD G.
245 0 _aOBJECT ORIENTED REQUIREMENTS ANALYSIS & LOGICAL DESIGN:A software Engineering Approach
260 _bNEW YORK : JOHN WILEY
260 _c1993
300 _a575 p.
650 _aOBJECT ORIENTED PROGRAMMING : SOFTWARE ENGINEERING
942 _2ddc
942 _cLBK
999 _c25515
_d25515
945 _a1
_bMadushi Gamage
_c1
_dMadushi Gamage